GDZIE MOŻNA IŚĆ W PIĄTEK PO SZKOLE LUB PRACY - Statystyki

Ogólne statystyki
  • Ten quiz został rozwiązany 107 razy
  • Średni wynik to 4 z 6
Statystyki odpowiedzi
Odpowiedź % Poprawnych
Dom
86%
Klub
64%
Bar
60%
Kino
60%
Restauracja
60%
Siłownia | Fitness
26%
Nie znaleziono quizów pasujących do podanych kryteriów
Rozkład punktacji
Procent ludzi z każdym wynikiem
Percentyl według liczby udzielonych odpowiedzi
Twoja historia wyników
Nie rozwiązałeś tego quizu